| 000 | 00767nam a2200217Ia 4500 | ||
|---|---|---|---|
| 003 | GCL | ||
| 008 | 140319s9999 xx 000 0 ara d | ||
| 040 |
_aGCL / _cGCL |
||
| 082 | 0 | 4 |
_aم _b348.02 _bام |
| 100 | 1 | _aانور طلبة | |
| 245 | 1 | 0 |
_aمجموعة المبادى القانونية التى اقرتها محكمة النقض منذ انشائها سنة 1931 / _cانور طلبة |
| 260 |
_a[S.N] : _bلجنة الاعلام والدراسات المستقبلية ، _c1982 |
||
| 300 | _a10 مج | ||
| 650 | 0 | 4 | _aالقانون |
| 650 | 0 | 4 | _aمصر |
| 650 | 0 | 4 | _aالاحوال الشخصية |
| 650 | 0 | 4 | _aقانون المرافعات |
| 650 | 0 | 4 | _aالقانون المدنى |
| 650 | 0 | 4 | _aقوانين وتشريعات |
| 942 |
_2ddc _cREF |
||
| 999 |
_c59435 _d59435 |
||